000 01036cam a22002891 4500
001 10334832
005 20080822083310.0
008 711104s1965 nyu |r 001 0 eng
010 _a 65022132
035 _a(OCoLC)168739
040 _aDLC
_cOUrC
_dOCoLC
_dDLC
042 _apremarc
050 0 0 _aDT38.9.C5
_bC65
082 _222
_a327.51096
_bCOO
100 1 _aCooley, John K.,
_d1927-2008.
_910919
245 1 0 _aEast wind over Africa:
_bRed China's African Offensive/
_c John K. Cooley
260 _aNew York:
_bWalker, 1965
_c1965
300 _aviii, 246 p.
_bmap.
500 _aDonated by: Alaa Abdel Ghany
504 _aIncludes bibliography: p. 236-240 and index
650 0 _aCommunism
_zAfrica.
_910920
650 0 _aCommunist strategy.
_910921
651 0 _aChina
_xForeign relations
_zAfrica.
_910922
651 0 _aAfrica
_xForeign relations
_zChina.
_910923
942 _2ddc
_cBB
999 _c13267
_d13267